[Event "Silkway Cup"]
[Site "T#646345FIDE"]
[Date "2020.05.26"]
[Round "1"]
[White "Ahmadzada"]
[Black "EXpresident"]
[Result "1/2-1/2"]
[WhiteElo "1620"]
[BlackElo "2707"]
[Annotator "TA"]
[PlyCount "131"]
[EventDate "2020.05.26"]
[EventType "swiss (blitz)"]

{[%evp 16,131,47,-14,-14,-14,-8,-13,-13,-18,-10,-35,-15,-44,-48,-32,-20,-32,-16,-20,-12,-16,-12,-15,-9,-15,-6,-17,0,-6,0,-3,-9,-45,10,10,10,5,14,0,0,-32,12,11,33,0,89,2,0,0,17,0,0,0,8,0,81,63,74,16,23,-91,-87,-156,-150,-259,-276,-351,-390,-345,-280,-282,0,0,243,248,955,955,955,935,846,0,0,0,0,0,0,0,0,0,0,0,0,0,0,0,0,0,0,0,0,0,0,0,0,0,0,0,0,0,0,0,0,0,0,0,0,0]} 1. e4 e5 2. Nf3 Nf6 3. Nxe5 d6 4. Nf3 Nxe4 5. d4 d5 6. Bd3 Nc6 7. O-O Be7 8. Re1 Bg4 9. Bxe4 (9. c3 $14) 9... dxe4 $11 {C42: Petroff Defence: 3 Nxe5 and unusual White 3rd moves.} 10. Rxe4 Bxf3 $1 11. Qxf3 {Strongly threatening d5.} Nxd4 12. Qd3 Ne6 13. Qe2 (13. Qf3 {looks sharper.} O-O 14. Re1 c6 15. Be3 Qa5 16. Nd2) 13... O-O {[#]} 14. Nd2 $146 ({Predecessor:} 14. Be3 Bf6 15. c3 Qd5 16. Nd2 Rad8 17. Rg4 Rfe8 18. Qf3 Bg5 19. Bxg5 Nxg5 20. Qxd5 Rxd5 {½-½ (34) Zawadzka,J (2426)-Zatonskih,A (2417) Khanty-Mansiysk 2017}) 14... Bf6 15. Nf3 Qd5 16. c4 Qd6 17. Be3 Rad8 18. Re1 $1 b6 19. g3 Rd7 20. b3 a5 21. h4 Qd3 22. Bg5 Qxe2 23. R1xe2 Nc5 24. Re8 Rd8 (24... Bxg5 $15 25. Nxg5 f6 26. Rxf8+ Kxf8 27. Ne6+ Nxe6 28. Rxe6 Re7 29. Rxe7 Kxe7) 25. Rxd8 Rxd8 26. Bxf6 gxf6 {[%mdl 4096] Endgame KRN-KRN} 27. h5 Kg7 28. Kg2 a4 29. bxa4 Ra8 30. Nh4 Rxa4 (30... Kf8 $11) 31. Nf5+ (31. Re8 $1 $16 {[%cal Rh4f5]} f5 32. Nxf5+ Kf6 33. Ne3) 31... Kf8 32. Rc2 Ke8 33. Re2+ Ne6 34. Rc2 Kd7 35. Rd2+ Kc6 (35... Ke8 $11) 36. Ne7+ $1 $16 Kc5 37. Rd7 ({White should play} 37. Ng8 $16) 37... Kxc4 $11 38. Ng8 (38. Nf5 $11 {keeps the balance.}) 38... Rxa2 $17 {Hoping for ...b5.} 39. Nxf6 (39. Rxf7 $142 Ra8 40. Rxf6) 39... b5 $1 40. Nxh7 (40. Rxf7 $17 {was worth a try.} h6 41. Rh7) 40... b4 $19 41. Nf6 b3 42. h6 {Black should prevent h7.} b2 43. h7 b1=Q $2 (43... Ra8 $1 $19 44. Ne4 Rh8) 44. h8=Q $11 Qb7+ $2 (44... Ra1 $11 {and Black has nothing to worry.} 45. Qh5 Qf1+ 46. Kf3 Ra3+ 47. Kg4 Qe2+ 48. Kh4 Qxf2 49. Qd5+ Kb4 $1 {[%mdl 512]} 50. Qb7+ Kc4 $1 {[%mdl 512]} 51. Qd5+ (51. Qc6+ Nc5 $17) 51... Kb4 $1 {[%mdl 512]} 52. Qb7+ Kc4 $1 {[%mdl 512]} 53. Qd5+ (53. Qc6+ Nc5 $17)) 45. Nd5 $18 {Threatens to win with Qc3+.} Qa7 $2 (45... Rc2 46. Qa1 Nc5) 46. Qc3+ Kb5 47. Qb3+ Kc6 48. Nb4+ $2 (48. Rxf7 $18 {White wants to mate with Ne7+.} Qa8 {[#]} 49. Qxa2 $1 {[%mdl 576] Decoy} Qxa2 50. Nb4+ {[%mdl 64] Double Attack} Kd6 51. Nxa2) 48... Kxd7 $11 {The position is equal.} 49. Nxa2 Qc5 50. Nc3 Qc6+ 51. Kg1 Qf3 52. Qb4 Qd3 53. Ne4 Qd4 54. Qb5+ Ke7 55. Qf5 c5 56. g4 c4 {And now ...c3 would win.} 57. g5 c3 58. Qf6+ Qxf6 59. gxf6+ {KN-KN} Kd7 {aiming for ...c2.} 60. Nxc3 Nc5 61. Kg2 Ke6 62. Kf3 Kxf6 63. Ne4+ Nxe4 64. Kxe4 Ke6 65. f4 f5+ 66. Kd4 {White used his chance. Accuracy: White = 70%, Black = 80%.} 1/2-1/2

[Event "Silkway Cup"]
[Site "T#646345FIDE"]
[Date "2020.05.26"]
[Round "1"]
[White "Atesh"]
[Black "MammadyarovaZ"]
[Result "1/2-1/2"]
[WhiteElo "1620"]
[BlackElo "1894"]
[Annotator "NA"]
[PlyCount "121"]
[EventDate "2020.05.26"]
[EventType "swiss (blitz)"]

1. Nf3 {[%emt 0:01:01]} d5 {[%emt 0:00:03]} 2. g3 {[%emt 0:00:02]} c6 {[%emt 0:00:04]} 3. Bg2 {[%emt 0:00:01]} g6 {[%emt 0:00:01]} 4. O-O {[%emt 0:00:01]} Bg7 {[%emt 0:00:00]} 5. d4 {[%emt 0:00:00]} Nf6 {[%emt 0:00:01]} 6. c4 {[%emt 0:00:02]} O-O {[%emt 0:00:01]} 7. cxd5 {[%emt 0:00:01]} cxd5 {[%emt 0:00:07]} 8. Ne5 {[%emt 0:00:01]} Nc6 {[%emt 0:00:06]} 9. Nc3 {[%emt 0:00:02]} Bf5 {[%emt 0:00:09]} 10. Bg5 {[%emt 0:00:06]} Nxe5 {[%emt 0:00:26]} 11. dxe5 {[%emt 0:00:02]} Ne4 {[%emt 0:00:01]} 12. Nxe4 {[%emt 0:00:14]} Bxe4 {[%emt 0:00:09]} 13. Qd4 {[%emt 0:00:13]} Bxg2 {[%emt 0:00:04]} 14. Kxg2 {[%emt 0:00:00]} h6 {[%emt 0:00:08]} 15. Bd2 {[%emt 0:00:03]} Qc7 {[%emt 0:00:09]} 16. Bc3 {[%emt 0:00:02]} Rfd8 {[%emt 0:00:06]} 17. e3 {[%emt 0:00:03]} b6 {[%emt 0:00:04]} 18. Rfd1 {[%emt 0:00:02]} Rac8 {[%emt 0:00:02]} 19. h4 {[%emt 0:00:02]} h5 {[%emt 0:00:02]} 20. Rd3 {[%emt 0:00:05]} Qb8 {[%emt 0:00:01]} 21. Qf4 {[%emt 0:00:16]} Rc4 {[%emt 0:00:02]} 22. Qf3 {[%emt 0:00:01]} Bxe5 {[%emt 0:00:08]} 23. Rxd5 {[%emt 0:00:13]} Bxc3 {[%emt 0:00:06]} 24. bxc3 {[%emt 0:00:02]} Rxc3 {[%emt 0:00:03]} 25. Rad1 {[%emt 0:00:01]} Rcc8 {[%emt 0:00:07]} 26. Rd7 {[%emt 0:00:04]} Re8 {[%emt 0:00:15]} 27. Rb7 {[%emt 0:00:02]} Qa8 {[%emt 0:00:05]} 28. Rdd7 {[%emt 0:00:01]} Kf8 {[%emt 0:00:18]} 29. Rxa7 {[%emt 0:00:15]} Qxf3+ {[%emt 0:00:03]} 30. Kxf3 {[%emt 0:00:00]} Rc2 {[%emt 0:00:06]} 31. Rdb7 {[%emt 0:00:04]} Rb2 {[%emt 0:00:02]} 32. Ra6 {[%emt 0:00:08]} b5 {[%emt 0:00:07]} 33. a4 {[%emt 0:00:05]} b4 {[%emt 0:00:03]} 34. Rab6 {[%emt 0:00:01]} Rd8 {[%emt 0:00:10]} 35. Rxb4 {[%emt 0:00:01]} Ra2 {[%emt 0:00:01]} 36. Rb2 {[%emt 0:00:05] Atesh offers a draw} Rxa4 {[%emt 0:00:05]} 37. R7b4 {[%emt 0:00:02]} Ra1 {[%emt 0:00:02]} 38. Rb1 {[%emt 0:00:02]} Ra5 {[%emt 0:00:02]} 39. Rb5 {[%emt 0:00:02]} Ra2 {[%emt 0:00:01]} 40. Rb8 {[%emt 0:00:02]} Rxb8 {[%emt 0:00:03]} 41. Rxb8+ {[%emt 0:00:01]} Kg7 {[%emt 0:00:00] Atesh offers a draw} 42. Rb6 {[%emt 0:00:02]} e6 {[%emt 0:00:03]} 43. Rb5 {[%emt 0:00:05]} Kf6 {[%emt 0:00:01]} 44. e4 {[%emt 0:00:01]} Ra3+ {[%emt 0:00:02]} 45. Kf4 {[%emt 0:00:01]} Ra2 {[%emt 0:00:01]} 46. f3 {[%emt 0:00:02]} Rc2 {[%emt 0:00:02]} 47. Ra5 {[%emt 0:00:02]} Rc3 {[%emt 0:00:02]} 48. e5+ {[%emt 0:00:05]} Kg7 {[%emt 0:00:03]} 49. Ke4 {[%emt 0:00:01]} Rc4+ {[%emt 0:00:01]} 50. Ke3 {[%emt 0:00:01]} Rb4 {[%emt 0:00:01]} 51. Rc5 {[%emt 0:00:03]} Rb1 {[%emt 0:00:01]} 52. f4 {[%emt 0:00:02]} Rg1 {[%emt 0:00:03]} 53. Kf2 {[%emt 0:00:01]} Ra1 {[%emt 0:00:01]} 54. Rc7 {[%emt 0:00:02]} Ra2+ {[%emt 0:00:02]} 55. Kf3 {[%emt 0:00:01]} Ra3+ {[%emt 0:00:01]} 56. Kf2 {[%emt 0:00:01]} Rb3 {[%emt 0:00:01]} 57. Rd7 {[%emt 0:00:02]} Ra3 {[%emt 0:00:04]} 58. Rc7 {[%emt 0:00:01]} Rb3 {[%emt 0:00:01]} 59. Rd7 {[%emt 0:00:01]} Rb2+ {[%emt 0:00:01]} 60. Kf3 {[%emt 0:00:02]} Rb3+ {[%emt 0:00:00]} 61. Kf2 {[%emt 0:00:02] (Lag: Av=0.41s, max=0.6s)} 1/2-1/2

[Event "Silkway Cup"]
[Site "T#646345FIDE"]
[Date "2020.05.26"]
[Round "1"]
[White "GIGA QUPARADZE"]
[Black "Elene tsotsonava"]
[Result "1-0"]
[WhiteElo "1620"]
[BlackElo "1694"]
[Annotator "NA RC"]
[PlyCount "45"]
[EventDate "2020.05.26"]
[EventType "swiss (blitz)"]

1. e4 {[%emt 0:00:02]} c5 {[%emt 0:00:01]} 2. Nf3 {[%emt 0:00:02]} e6 {[%emt 0:00:01]} 3. d4 {[%emt 0:00:01]} cxd4 {[%emt 0:00:00]} 4. Nxd4 {[%emt 0:00:01]} Nc6 {[%emt 0:00:01]} 5. Nc3 {[%emt 0:00:01]} Qc7 {[%emt 0:00:01]} 6. Be3 {[%emt 0:00:02]} a6 {[%emt 0:00:01]} 7. f4 {[%emt 0:00:02]} b5 {[%emt 0:00:16]} 8. a3 {[%emt 0:00:14]} Bb7 {[%emt 0:00:03]} 9. Be2 {[%emt 0:00:01]} d6 {[%emt 0:00:25]} 10. O-O {[%emt 0:00:02]} Nf6 {[%emt 0:00:02]} 11. Nb3 {[%emt 0:00:13]} Be7 {[%emt 0:00:04]} 12. Bd3 {[%emt 0:00:03]} h5 {[%emt 0:00:20]} 13. Kh1 {[%emt 0:00:06]} b4 {[%emt 0:00:19]} 14. axb4 {[%emt 0:00:04]} Nxb4 {[%emt 0:00:00]} 15. Qf3 {[%emt 0:00:05]} h4 {[%emt 0:00:29]} 16. Na5 {[%emt 0:00:06]} Nxd3 {[%emt 0:00:19]} 17. cxd3 {[%emt 0:00:00]} d5 {[%emt 0:00:13]} 18. Rfc1 {[%emt 0:00:08]} Qd7 {[%emt 0:00:16]} 19. e5 {[%emt 0:00:32]} Nh5 {[%emt 0:00:16]} 20. Na4 {[%emt 0:00:03]} d4 {[%emt 0:00:10]} 21. Nxb7 {[%emt 0:00:04]} dxe3 {[%emt 0:00:01]} 22. Nd6+ {[%emt 0:00:07]} Bxd6 {[%emt 0:00:04]} 23. Qxa8+ {[%emt 0:00:02] Elene tsotsonava resigns (Lag: Av=0.72s, max=1.3s)} 1-0

[Event "Silkway Cup"]
[Site "T#646345FIDE"]
[Date "2020.05.26"]
[Round "1"]
[White "KTsa"]
[Black "Gaguna"]
[Result "1-0"]
[WhiteElo "1620"]
[BlackElo "1620"]
[Annotator "NA"]
[PlyCount "149"]
[EventDate "2020.05.26"]
[EventType "swiss (blitz)"]

1. d4 {[%emt 0:00:02]} d5 {[%emt 0:00:01]} 2. Nf3 {[%emt 0:00:02]} Nf6 {[%emt 0:00:01]} 3. Bg5 {[%emt 0:00:02]} Nbd7 {[%emt 0:00:02]} 4. e3 {[%emt 0:00:01]} g6 {[%emt 0:00:03]} 5. c4 {[%emt 0:00:07]} c6 {[%emt 0:00:03]} 6. Nc3 {[%emt 0:00:05]} Bg7 {[%emt 0:00:02]} 7. cxd5 {[%emt 0:00:05]} cxd5 {[%emt 0:00:05]} 8. Be2 {[%emt 0:00:02]} O-O {[%emt 0:00:07]} 9. O-O {[%emt 0:00:01]} b6 {[%emt 0:00:02]} 10. Rc1 {[%emt 0:00:03]} Bb7 {[%emt 0:00:02]} 11. h3 {[%emt 0:00:01]} Ne4 {[%emt 0:00:03]} 12. Nxe4 {[%emt 0:00:22]} dxe4 {[%emt 0:00:02]} 13. Nd2 {[%emt 0:00:00]} Nf6 {[%emt 0:00:03]} 14. Qa4 {[%emt 0:00:09]} a6 {[%emt 0:00:05]} 15. Rc2 {[%emt 0:00:26]} b5 {[%emt 0:00:02]} 16. Qb3 {[%emt 0:00:10]} Qd7 {[%emt 0:00:08]} 17. Rfc1 {[%emt 0:00:04]} Rfc8 {[%emt 0:00:02]} 18. Rc5 {[%emt 0:00:10]} Rxc5 {[%emt 0:00:19]} 19. Rxc5 {[%emt 0:00:00]} Rc8 {[%emt 0:00:03]} 20. Qc2 {[%emt 0:00:03]} Rxc5 {[%emt 0:00:03]} 21. Qxc5 {[%emt 0:00:00]} h6 {[%emt 0:00:12]} 22. Bh4 {[%emt 0:00:11]} Bd5 {[%emt 0:00:23]} 23. a3 {[%emt 0:00:05]} g5 {[%emt 0:00:14]} 24. Bg3 {[%emt 0:00:01]} Bf8 {[%emt 0:00:01]} 25. Be5 {[%emt 0:00:06]} Ne8 {[%emt 0:00:21]} 26. Qc2 {[%emt 0:00:19]} f6 {[%emt 0:00:12]} 27. Bg3 {[%emt 0:00:04]} Qc6 {[%emt 0:00:07]} 28. Qxc6 {[%emt 0:00:17]} Bxc6 {[%emt 0:00:01]} 29. Bg4 {[%emt 0:00:09]} Ng7 {[%emt 0:00:04]} 30. Bc8 {[%emt 0:00:17]} a5 {[%emt 0:00:01]} 31. Nb3 {[%emt 0:00:01]} a4 {[%emt 0:00:04]} 32. Na5 {[%emt 0:00:03]} Be8 {[%emt 0:00:03]} 33. Bb7 {[%emt 0:00:03]} f5 {[%emt 0:00:02]} 34. Be5 {[%emt 0:00:02]} Kh8 {[%emt 0:00:07]} 35. Bc6 {[%emt 0:00:02]} Bxc6 {[%emt 0:00:07]} 36. Nxc6 {[%emt 0:00:00]} Kg8 {[%emt 0:00:10]} 37. Bxg7 {[%emt 0:00:05]} Kxg7 {[%emt 0:00:04]} 38. Na7 {[%emt 0:00:01]} Kf6 {[%emt 0:00:04]} 39. Nxb5 {[%emt 0:00:01]} e5 {[%emt 0:00:01]} 40. d5 {[%emt 0:00:04]} f4 {[%emt 0:00:06]} 41. Kf1 {[%emt 0:00:02]} f3 {[%emt 0:00:05]} 42. g3 {[%emt 0:00:02]} h5 {[%emt 0:00:03]} 43. Ke1 {[%emt 0:00:01]} g4 {[%emt 0:00:01]} 44. hxg4 {[%emt 0:00:02]} hxg4 {[%emt 0:00:01]} 45. d6 {[%emt 0:00:10]} Ke6 {[%emt 0:00:03]} 46. Kd2 {[%emt 0:00:00]} Bh6 {[%emt 0:00:04]} 47. Nc3 {[%emt 0:00:08]} Kxd6 {[%emt 0:00:01]} 48. Nxa4 {[%emt 0:00:01]} Kd5 {[%emt 0:00:09]} 49. Nc3+ {[%emt 0:00:00]} Kc4 {[%emt 0:00:03]} 50. b4 {[%emt 0:00:04]} Bg5 {[%emt 0:00:08]} 51. b5 {[%emt 0:00:08]} Bd8 {[%emt 0:00:04]} 52. Nxe4 {[%emt 0:00:01]} Kb3 {[%emt 0:00:05]} 53. b6 {[%emt 0:00:09]} Bxb6 {[%emt 0:00:02]} 54. Nf6 {[%emt 0:00:00]} Kxa3 {[%emt 0:00:07]} 55. Nxg4 {[%emt 0:00:01]} e4 {[%emt 0:00:04]} 56. Nf6 {[%emt 0:00:01]} Ba5+ {[%emt 0:00:01]} 57. Kd1 {[%emt 0:00:02]} Kb3 {[%emt 0:00:01]} 58. Nxe4 {[%emt 0:00:01]} Kc4 {[%emt 0:00:02]} 59. Ng5 {[%emt 0:00:01]} Kd3 {[%emt 0:00:01]} 60. Nxf3 {[%emt 0:00:00]} Bb6 {[%emt 0:00:01]} 61. Ne1+ {[%emt 0:00:01]} Ke4 {[%emt 0:00:01]} 62. Ke2 {[%emt 0:00:00]} Ba5 {[%emt 0:00:01]} 63. f3+ {[%emt 0:00:00]} Kf5 {[%emt 0:00:01]} 64. Nd3 {[%emt 0:00:00]} Bb6 {[%emt 0:00:01]} 65. g4+ {[%emt 0:00:00]} Kg5 {[%emt 0:00:01]} 66. Ne5 {[%emt 0:00:02]} Bc7 {[%emt 0:00:01]} 67. f4+ {[%emt 0:00:01]} Kh4 {[%emt 0:00:02]} 68. Kf3 {[%emt 0:00:00]} Bd6 {[%emt 0:00:01]} 69. g5 {[%emt 0:00:01]} Kh5 {[%emt 0:00:02]} 70. Ke4 {[%emt 0:00:00]} Bc5 {[%emt 0:00:02]} 71. Nc4 {[%emt 0:00:03]} Ba7 {[%emt 0:00:01]} 72. Kf5 {[%emt 0:00:01]} Bc5 {[%emt 0:00:02]} 73. e4 {[%emt 0:00:00]} Bd4 {[%emt 0:00:01]} 74. e5 {[%emt 0:00:00]} Bxe5 {[%emt 0:00:02]} 75. fxe5 {[%emt 0:00:03] Gaguna resigns (Lag: Av=0.70s, max=1.4s)} 1-0

[Event "Silkway Cup"]
[Site "T#646345FIDE"]
[Date "2020.05.26"]
[Round "1"]
[White "Kranke07"]
[Black "Oligarkh"]
[Result "0-1"]
[WhiteElo "1620"]
[BlackElo "1620"]
[Annotator "NA RC"]
[PlyCount "82"]
[EventDate "2020.05.26"]
[EventType "swiss (blitz)"]

1. e4 {[%emt 0:00:07]} c6 {[%emt 0:00:01]} 2. d4 {[%emt 0:00:02]} d5 {[%emt 0:00:00]} 3. Nc3 {[%emt 0:00:02]} dxe4 {[%emt 0:00:01]} 4. Nxe4 {[%emt 0:00:01]} Nf6 {[%emt 0:00:00]} 5. Nxf6+ {[%emt 0:00:01]} exf6 {[%emt 0:00:00]} 6. c3 {[%emt 0:00:01]} Bd6 {[%emt 0:00:00]} 7. Bd3 {[%emt 0:00:01]} O-O {[%emt 0:00:01]} 8. Qc2 {[%emt 0:00:00]} Re8+ {[%emt 0:00:01]} 9. Ne2 {[%emt 0:00:01]} g6 {[%emt 0:00:01]} 10. Be3 {[%emt 0:00:08]} Nd7 {[%emt 0:00:01]} 11. O-O-O {[%emt 0:00:02]} Nf8 {[%emt 0:00:01]} 12. c4 {[%emt 0:00:01]} Bg4 {[%emt 0:00:03]} 13. h3 {[%emt 0:00:39]} Bxe2 {[%emt 0:00:06]} 14. Bxe2 {[%emt 0:00:07]} Qc7 {[%emt 0:00:01]} 15. Kb1 {[%emt 0:00:18]} Rad8 {[%emt 0:00:03]} 16. Bf3 {[%emt 0:00:04]} Bf4 {[%emt 0:00:05]} 17. Rhe1 {[%emt 0:00:03]} Bxe3 {[%emt 0:00:01]} 18. fxe3 {[%emt 0:00:00]} Ne6 {[%emt 0:00:03]} 19. Qf2 {[%emt 0:00:11]} Ng5 {[%emt 0:00:02]} 20. h4 {[%emt 0:00:04]} Nxf3 {[%emt 0:00:24]} 21. Qxf3 {[%emt 0:00:02]} f5 {[%emt 0:00:02]} 22. h5 {[%emt 0:00:15]} Re4 {[%emt 0:00:12]} 23. h6 {[%emt 0:00:21]} Qd6 {[%emt 0:00:09]} 24. d5 {[%emt 0:00:25]} c5 {[%emt 0:00:03]} 25. g4 {[%emt 0:00:02]} Rxg4 {[%emt 0:00:06]} 26. e4 {[%emt 0:00:02]} Rf4 {[%emt 0:00:22]} 27. e5 {[%emt 0:00:39]} Qxe5 {[%emt 0:00:21]} 28. Rxe5 {[%emt 0:00:00]} Rxf3 {[%emt 0:00:01]} 29. Re7 {[%emt 0:00:10]} Rf4 {[%emt 0:00:09]} 30. d6 {[%emt 0:00:01]} Kf8 {[%emt 0:00:10]} 31. Rxb7 {[%emt 0:00:05]} Rxc4 {[%emt 0:00:01]} 32. Re1 {[%emt 0:00:06]} Re4 {[%emt 0:00:03]} 33. Rc1 {[%emt 0:00:01]} f4 {[%emt 0:00:07]} 34. Rxc5 {[%emt 0:00:02]} f3 {[%emt 0:00:01]} 35. Rc1 {[%emt 0:00:03]} f2 {[%emt 0:00:02]} 36. Rb3 {[%emt 0:00:02]} Rf4 {[%emt 0:00:04]} 37. Rf1 {[%emt 0:00:04]} Rxd6 {[%emt 0:00:01]} 38. Re3 {[%emt 0:00:00]} g5 {[%emt 0:00:04]} 39. Kc2 {[%emt 0:00:01]} Rxh6 {[%emt 0:00:01]} 40. Rg3 {[%emt 0:00:01]} g4 {[%emt 0:00:02]} 41. Kd3 {[%emt 0:00:01]} Re6 {[%emt 0:00:02] Time (Lag: Av=0.69s, max=1.4s)} 0-1

[Event "Silkway Cup"]
[Site "T#646345FIDE"]
[Date "2020.05.26"]
[Round "1"]
[White "Mammadzada"]
[Black "AbasovN"]
[Result "0-1"]
[WhiteElo "1620"]
[BlackElo "2617"]
[Annotator "TA"]
[PlyCount "58"]
[EventDate "2020.05.26"]
[EventType "swiss (blitz)"]

{[%evp 19,58,18,20,11,34,10,8,0,0,5,8,0,0,0,4,4,4,6,6,9,27,20,23,6,14,0,61,64,64,0,0,0,21,0,7,-29972,-29972,-29971,-6346,-2613,-300]} 1. e4 c5 2. Nf3 Nf6 3. e5 Nd5 4. Nc3 e6 5. Nxd5 exd5 6. d4 Nc6 7. dxc5 Bxc5 8. Bd3 d6 9. exd6 Qxd6 10. O-O O-O 11. c3 {11.Re1 gains popularity. B29: Sicilian: 2 Nf3 Nf6 (Nimzowitsch Variation).} h6 12. Re1 Bg4 13. Be3 {[#] The position is equal.} Rae8 $146 ({Predecessor:} 13... Rfe8 14. Bxc5 Qxc5 15. Be2 Rad8 16. h3 Bxf3 17. Bxf3 Ne5 18. Re3 d4 19. cxd4 Rxd4 20. Qe2 Nxf3+ 21. Qxf3 Rxe3 22. Qxe3 Qd5 {½-½ (22) Kalod,R (2504)-Mellado Trivino,J (2436) Catalunya 2009}) 14. Bxc5 Qxc5 15. Rxe8 Rxe8 16. h3 Bh5 17. g4 $36 {[%mdl 2048] White is pushing.} Bg6 18. Bxg6 fxg6 19. Qd3 Ne5 20. Nxe5 Rxe5 $11 {[%mdl 4096] Endgame KQR-KQR} 21. Rd1 g5 22. Qd4 Qe7 (22... Qxd4 $11 23. Rxd4 Re2) 23. Qxa7 $14 Re2 24. Qb8+ ({Don't blunder} 24. Rxd5 $2 Re1+ 25. Kg2 Qe4+ 26. f3 Re2+ 27. Qf2 Rxf2+ 28. Kxf2 Qxd5 $19) ({Better is} 24. Qd4 $14) 24... Kh7 $11 25. Qg3 Qe4 26. Qg2 Qc2 27. Rxd5 $2 {[%mdl 8192] [#]} (27. Qxd5 $11 Rxf2 28. Re1) 27... Qc1+ $1 28. Kh2 Qf4+ {[%mdl 64] Double Attack} 29. Kg1 Re1+ {Accuracy: White = 75%, Black = 93%.} 0-1

[Event "Silkway Cup"]
[Site "T#646345FIDE"]
[Date "2020.05.26"]
[Round "1"]
[White "Meri-Arabidze"]
[Black "Durarbeyli Vasif"]
[Result "0-1"]
[WhiteElo "1620"]
[BlackElo "2833"]
[Annotator "TA"]
[PlyCount "90"]
[EventDate "2020.05.26"]
[EventType "swiss (blitz)"]

{[%evp 12,90,9,20,30,27,30,25,27,32,40,32,25,29,51,51,53,-2,2,0,13,11,16,9,8,-13,-10,-14,-16,-33,-24,-23,-8,-29,20,14,135,59,60,40,62,0,77,85,195,0,0,0,0,0,48,37,154,141,219,214,406,0,0,28,0,-916,-985,-972,-992,-982,-942,-921,-921,-902,-840,-8033,-4722,-9446,-10757,-6772,-1162,-7103,-7125,-4714,-2033]} 1. d4 Nf6 2. c4 e6 3. Nf3 b6 4. g3 Bb7 5. Bg2 Be7 6. O-O O-O 7. Re1 {is currently scoring better than 7.Nc3.} a5 {E17: Queen's Indian: 4 g3 Bb7 5 Bg2 Be7.} 8. Nc3 Ne4 9. Qc2 Nxc3 {White has an edge.} 10. bxc3 f5 11. Ne5 Bxg2 12. Kxg2 {[#]} Bf6 $146 ({Predecessor:} 12... d6 13. Nf3 a4 14. h4 Ra5 15. Ba3 Nd7 16. Rad1 Qe8 17. e4 Qh5 18. e5 f4 {1-0 (44) Galojan,L (2300)-Asatryan,S (2111) Yerevan 2018}) 13. Nd3 Qc8 14. c5 (14. Ba3 $14) 14... Na6 15. Ba3 Be7 16. Rab1 bxc5 17. dxc5 Nb8 18. Kg1 Nc6 19. Qa4 Rb8 20. Nf4 {next Nxe6! is good for White.} Qa6 21. Rbd1 Rfd8 22. e4 {Threatening exf5.} fxe4 23. Qxe4 {And now Rxd7! would win.} Bf8 (23... Bf6 $11) 24. h4 ({White should try} 24. Rd2 $16) 24... Ne7 $14 25. h5 Qc6 26. Qd3 (26. Qc2 $14) 26... h6 (26... Nf5 $11) 27. c4 $16 Nf5 {[#]} (27... Qa6 $16) 28. Re5 $2 ({Only move:} 28. Ng6 $1 $18) 28... Be7 $11 29. Ng6 {Black must now prevent Rxf5.} Bf6 30. Ree1 Kf7 31. Re4 d5 (31... Kg8 $14) 32. cxd6 $1 $16 cxd6 (32... Nxd6 $16 33. Rf4 Qe8) 33. g4 $18 d5 $2 {[#]} (33... Nh4 {was necessary.} 34. Nxh4 (34. Bxd6 Rb2 $16) 34... Bxh4 35. Rxe6 Kg8) 34. Ne5+ $2 (34. Rf4 $1 $18) 34... Bxe5 $1 $11 35. Rxe5 {[%mdl 64] Double Attack} dxc4 36. Qf1 $2 {[%mdl 8192]} (36. Qxd8 $11 Rxd8 37. Rxd8) 36... Nd4 $19 {Black is clearly winning.} 37. f4 Nf3+ 38. Kf2 Rxd1 39. Qxd1 Nxe5 40. fxe5 {[%mdl 4096] Endgame [#] KQR-KQB} Qd5 $1 41. Qe2 Qd3 42. Qxd3 cxd3 43. Ke3 Rb1 44. Kxd3 Ra1 45. Bd6 Rxa2 {Accuracy: White = 62%, Black = 61%.} 0-1